8 mots dans mots : nue (mort subite) - Statistiques

Statistiques générales
  • Ce quiz a été pris 29 fois
  • Le résultat moyen est 6 sur 8
Answers on the Grid
Answers color-coded by a green-red scale on the quiz's grid according to % correct below.
conti---llement
répu---caniser
plurian---lle
déso---ger
ma---llement
affai---ssement
insi---r
o---gatoirement
enno---ssement
exté---r
déso---tération
éter---ment
Emma---l
ameu---ssement
su---mer
disconti---r
 
Statistiques - réponses
Réponse % Correct
conti---llement
91%
ma---llement
87%
Emma---l
70%
exté---r
70%
insi---r
70%
éter---ment
61%
disconti---r
57%
plurian---lle
48%
Aucun quiz correspondant
Distribution des résultats
% des personnes avec chaque résultat
Percentile par nombre de réponses
Votre historique - résultats
Vous n’avez pas pris ce quiz